| 000 | 00941nam a2200265 a 4500 | ||
|---|---|---|---|
| 999 |
_c330511 _d330511 |
||
| 001 | 2416900 | ||
| 003 | NUST | ||
| 005 | 20170718152447.0 | ||
| 008 | 861121s1986 enka 001 0 eng | ||
| 010 | _a 86225861 | ||
| 020 | _a0582286417 (pbk. : v. 1) | ||
| 020 | _a0582286433(pbk. : v. 2) | ||
| 040 |
_aDLC _cDLC _dDLC |
||
| 050 | 0 | 0 |
_aTA357 _b.D69 1986 |
| 082 | 0 | 0 |
_a621 DOU _219 |
| 100 | 1 |
_aDouglas, John F. _91677 |
|
| 245 | 1 | 0 |
_aSolving problems in fluid mechanics / _cJ.F. Douglas. |
| 250 | _a3rd ed. | ||
| 260 |
_aHarlow, Essex, England : _bLongman Scientific & Technical, _cc1986. |
||
| 300 |
_a1 v. : _bill. ; _c25 cm. |
||
| 500 | _aPrevious ed.: Solution of problems in fluid mechanics. | ||
| 500 | _aIncludes indexes. | ||
| 650 | 0 |
_aFluid mechanics _xProblems, exercises, etc. _93394 |
|
| 700 | 1 |
_aDouglas, John F. _tSolution of problems in fluid mechanics. _93395 |
|
| 906 |
_a7 _bcbc _corignew _d2 _encip _f19 _gy-gencatlg |
||
| 942 |
_2ddc _cBK _kIESE |
||